000
00339nam a2200133Ia 4500
008
230411s9999 xx 000 0 und d
041
_a
eng
082
_a
B/612.015/INA/B01447
100
_a
Inamdar Madhuri
245
_a
Chemistry for Nurses
260
_b
Vora Medical Publications
_a
Mumbai
_c
2001
300
_a
70p
999
_c
152766
_d
152766